Library Banner

Islam and ulema of Punjab (Record no. 69955)

MARC details
000 -LEADER
fixed length control field 00400nam a22001457a 4500
005 - DATE AND TIME OF LATEST TRANSACTION
control field 20150416104440.0
008 - FIXED-LENGTH DATA ELEMENTS--GENERAL INFORMATION
fixed length control field 150416b xxu||||| |||| 00| 0 eng d
040 ## - CATALOGING SOURCE
Transcribing agency PK-LaUMT
082 ## - DEWEY DECIMAL CLASSIFICATION NUMBER
Classification number KHC 297.95491
Item number AHM-I
100 ## - MAIN ENTRY--PERSONAL NAME
Personal name Ahmad Husain Ahmad
245 ## - TITLE STATEMENT
Title Islam and ulema of Punjab
Statement of responsibility, etc Ahmad Husian Ahmad
260 ## - PUBLICATION, DISTRIBUTION, ETC. (IMPRINT)
Place of publication, distribution, etc Gujrat
Name of publisher, distributor, etc The centre for Islamic research
Date of publication, distribution, etc 1985
300 ## - PHYSICAL DESCRIPTION
Extent 148 p.
942 ## - ADDED ENTRY ELEMENTS (KOHA)
Koha item type Books
Holdings
Withdrawn status Lost status Damaged status Home library Current library Date acquired Full call number Barcode Date last seen Price effective from Koha item type
      UMT Main Campus UMT Main Campus 2015-04-16 KHC 297.95491 AHM-I 69504 2015-04-16 2015-04-16 Books